Provinces of Việt Nam in 1838 on a Map - Statistics

General Stats
  • This quiz has been taken 15 times
  • The average score is 10 of 32
Answers on the Map
Answers color-coded by a green-red scale on the quiz's map according to % correct below.
 
Answer Stats
Answer % Correct
Hà Nội
100%
Quảng Nam
43%
Quảng Trị
43%
Quảng Yên
43%
An Giang
29%
Bắc Ninh
29%
Biên Hòa
29%
Bình Định
29%
Bình Thuận
29%
Cao Bằng
29%
Định Tường
29%
Gia Định
29%
Hà Tiên
29%
Hà Tĩnh
29%
Hải Dương
29%
Hưng Hóa
29%
Hưng Yên
29%
Khánh Hòa
29%
Lạng Sơn
29%
Nam Định
29%
Nghệ An
29%
Ninh Bình
29%
Phú Yên
29%
Quảng Bình
29%
Quảng Ngãi
29%
Sơn Tây
29%
Tây Thành
29%
Thái Nguyên
29%
Thanh Hóa
29%
Thừa Thiên
29%
Tuyên Quang
29%
Vĩnh Long
29%
No matching quizzes found
Score Distribution
Percent of People with Each Score
Percentile by Number Answered
Your Score History
You have not taken this quiz